| 000 | 00671cam a22002055a 4500 | ||
|---|---|---|---|
| 001 | L155984 | ||
| 008 | 120424s1875 xxk f 000 0 eng d | ||
| 035 | _a(Sirsi) u155984 | ||
| 041 | 0 | _aeng | |
| 100 | 1 |
_aNesbit, Anthony _d1778-1859 |
|
| 245 | 0 | 2 |
_aA treatise on practical mensuration _cby A. Nesbit ... |
| 250 |
_aNew ed. _bthoroughly rev. and greatly improved by the Rev. John Hunter ... |
||
| 260 |
_aLondon _bLongmans, Green, and Co. _c[1875] |
||
| 300 |
_axxiv, 443, 16 p. _bill. _c18 cm. |
||
| 583 |
_aCondition reviewed _c20120620 _lcondition level 1 |
||
| 651 | 4 |
_aGreat Britain _y1707- |
|
| 690 |
_aMeasurement _96256 |
||
| 700 | 1 | _aHunter, John | |
| 942 | _n0 | ||
| 999 |
_c113960 _d113960 |
||